Halsey Albums on the Billboard 200 - Statistics

General Stats
  • This quiz has been taken 34 times
    23 since last reset
  • The average score is 5 of 5
Answer Stats
Peak Weeks On Highest Charting Song Album % Correct
#2 101 Weeks Without Me Manic
100%
#2 159 Weeks New Americana BADLANDS
95%
#1 (1 Week) 119 Weeks Bad At Love hopeless fountain kingdom
95%
#2 7 Weeks I am not a woman, I'm a god If I can't have love, I want power
95%
#159 3 Weeks Ghost Room 93
76%
No matching quizzes found
Score Distribution
Percent of People with Each Score
Percentile by Number Answered
Your Score History
You have not taken this quiz since the last reset